00558nam a2200181Ia 450000500170000000800410001702000150005808200130007310000160008624500720010226000380017430000200021265000180023265000100025094200060026095200950026699900150036120241220010826.0240331s9999 xx 000 0 und d a0333754859 bHENa828 aHenke, S. A 0aShattered subjects :btrauma and testimony in women's life-writing aLondonbMacmillan Press Ltdc1998 aXxii, 216 p .,  aPsychological aWomen cL 001040708LaWERCLbWERCLcSSCd2024-03-31l0o 828 HENp2896r2024-03-31w2024-03-31yL c3403d3403